Las cámaras de comercio / (Record no. 160547)

MARC details
000 -LEADER
campo de control de longitud fija 01034nam a22002295i 4500
001 - NÚMERO DE CONTROL
campo de control 160547
003 - IDENTIFICADOR DE NÚMERO DE CONTROL
campo de control ES-MaACL
005 - FECHA Y HORA DE LA ÚLTIMA TRANSACCIÓN
campo de control 20250901101512.0
008 - DATOS DE LONGITUD FIJA--INFORMACIÓN GENERAL
campo de control de longitud fija 041008s1884 sp |||| | spa d
040 ## - FUENTE DE CATALOGACIÓN
Centro catalogador/agencia de origen CAM
Lengua de catalogación spa
Centro/agencia transcriptor CAM
100 1# - ENTRADA PRINCIPAL--NOMBRE DE PERSONA
Nombre de persona Navarro, Felipe Benicio,
Fechas asociadas al nombre 1840-1901
Término indicativo de función/relación Autor
9 (RLIN) 85065
245 14 - MENCIÓN DEL TÍTULO
Título Las cámaras de comercio /
Mención de responsabilidad, etc. por F.B.N.
260 ## - PUBLICACIÓN, DISTRIBUCIÓN, ETC.
Lugar de publicación, distribución, etc. Madrid :
Nombre del editor, distribuidor, etc. [s.n.],
Fecha de publicación, distribución, etc. 1884
Fabricante (Est. Tip. de El Correo a cargo de F. Fernández)
300 ## - DESCRIPCIÓN FÍSICA
Extensión 68 páginas ;
Dimensiones 21 cm.
594 ## - Nota al título y mención de responsabilidad
Nota al título y mención de responsabilidad Las iniciales F.B.N. corresponden a Felipe Benicio Navarro
650 #7 - PUNTO DE ACCESO ADICIONAL DE MATERIA--TÉRMINO DE MATERIA
Término de materia o nombre geográfico como elemento de entrada Cámaras de comercio
Fuente del encabezamiento o término embne
9 (RLIN) 135862
852 ## - LOCALIZACIÓN
Ubicación ES-MaACL
Ubicación en estantería Depósito folletos
Partes que faltan Ejemplar falto de cub. original
Anotaciones manuscritas Dedicatoria ms. del autor a la Biblioteca del Ateneo de Madrid
Donativo/Legado Donativo de Felipe Benicio Navarro
Número de control de estantería T-357-F-13
Encuadernación Enc. en un vol. facticio
-- Holandesa
852 ## - LOCALIZACIÓN
Ubicación ES-MaACL
Ubicación en estantería Depósito folletos
Partes que faltan Ejemplar falto de cub. original
Número de control de estantería T-376-F-2
Encuadernación Enc. en un vol. facticio
-- Holandesa
942 ## - ELEMENTOS DE ENTRADA SECUNDARIOS (KOHA)
Fuente del sistema de clasificación o colocación Clasificación decimal universal
Tipo de ítem Koha Folleto
Suprimir en OPAC No
Holdings
Estatus retirado Estado de pérdida Fuente del sistema de clasificación o colocación Estado de daño No para préstamo Colección Biblioteca de origen Biblioteca actual Ubicación en estantería Fecha de adquisición Número de control de estantería Total de préstamos Signatura topográfica completa Código de barras Visto por última vez Tipo de ítem Koha Fuente de adquisición Nota pública
    Clasificación decimal universal     Colección de folletos Biblioteca del Ateneo de Madrid Biblioteca del Ateneo de Madrid Depósito folletos 17/01/2008 1   T-376-F-2 1168105 23/02/2023 Folleto    
    Clasificación decimal universal     Colección de folletos Biblioteca del Ateneo de Madrid Biblioteca del Ateneo de Madrid Depósito folletos 17/01/2008 1   T-357-F-13 1168104 23/02/2023 Folleto Donación Dedicatoria autógrafa del autor